| 000 | 00538nam a2200193 i 4500 | ||
|---|---|---|---|
| 001 | bg | ||
| 100 | 1 | _aKUPISIEWICZ, Czesław | |
| 245 | 1 | 0 |
_aPodstawy dydaktyki ogólnej / _cCzesław Kupisiewicz. |
| 260 |
_aWarszawa : _bPańst. Wydaw. Naukowe, _c1973. |
||
| 300 |
_a331 s. : _brys., 1 wykr. ; _c24 cm. |
||
| 504 | _aBibliogr. przy rozdz. | ||
| 650 | 9 |
_aNauczanie _xteoria |
|
| 655 | _aPodręczniki akademickie | ||
| 040 | _cBPK | ||
| 041 | 0 | _apol | |
| 080 | _a371.3(075.8) | ||
| 942 | _cKS | ||
| 008 | s pl f |000 0 pol | ||
| 999 |
_c6863 _d6863 |
||
| 856 |
_uhttp://koha.tu.koszalin.pl/cgi-bin/koha/opac-detail.pl?biblionumber=6863 _yKatalog online BPK |
||